header

Food politics (Record no. 5128)

MARC details
000 -LEADER
fixed length control field 01547nam a2200361Ia 4500
082 04 - DEWEY DECIMAL CLASSIFICATION NUMBER
Classification number 363.8/5/0973
100 1# - MAIN ENTRY--AUTHOR NAME
Personal name Nestle, Marion.
245 10 - TITLE STATEMENT
Title Food politics
250 ## - EDITION STATEMENT
Edition statement Revised and expanded 10th anniversary ed.
260 ## - PUBLICATION, DISTRIBUTION, ETC. (IMPRINT)
Place of publication Berkeley, Calif. :
Name of publisher University of California Press,
Year of publication 2013.
300 ## - PHYSICAL DESCRIPTION
Number of Pages xxii, 510 p. :
Other physical details ill.
490 1# - SERIES STATEMENT
Series statement California studies in food and culture ;
650 #0 - SUBJECT ADDED ENTRY--TOPICAL TERM
Topical Term Food industry and trade
Topical Term Food
Topical Term Nutrition policy
856 40 - ELECTRONIC LOCATION AND ACCESS
Uniform Resource Identifier http://site.ebrary.com/lib/rucke/Doc?id=10704704

No items available.

© 2026 Rongo University
Contact us: librarian | system librarian | Rongo university